000 00638cam a2200217 4500500
005 20260405002806.0
041 _afre
042 _adc
100 1 0 _aLacroix, Samuel
_eauthor
245 0 0 _aLa Condition anarchique. Affects et institutions de la valeur
260 _c2018.
500 _a31
690 _aAnarchie
690 _aLordon
690 _aPouvoir
690 _aPuissance
690 _aSpinoza
690 _aValeurs
786 0 _nPhilosophie magazine | 123 | 10 | 2018-10-01 | p. 53-53 | 1951-1787
856 4 1 _uhttps://shs.cairn.info/magazine-philosophie-magazine-2018-10-page-53?lang=fr&redirect-ssocas=7080
999 _c2061177
_d2061177